00543nam a2200169Ia 450000500170000000800410001704000190005804100120007708200160008910000210010524501150012626000430024130000170028450400430030165000190034485000100036320221112124638.0131103s9999 xx 000 0 und d aLoreto College aEnglish a954.03bDAT aDatta,Kalikinkar aSurvey of India's social life and economic condition in the eighteenth century (1707 - 1813)cKalikinkar Datta aCalcuttabFirma K.L.Mukhopadhyayc1961 axiii,254 p.  aIncludes index,glossary and references aModern History aLCLIB